000 00883nam a2200241 i 4500
001 103077
003 ES-MaACL
005 20250410063055.0
007 t|
008 060110s2005 sp ||||1| spa d
020 _a84-7785-691-5
080 _a821.134.2-2"19"
100 1 _aAltolaguirre Bolín, Manuel,
_d1905-1959
_920553
245 1 0 _aEntre dos públicos :
_bedición facsimilar del original mecanoscrito /
_cManuel Altolaguirre ; estudios introductorios de Carlos Flores Pazos y Gregorio Torres Nebrera.
250 _a1ª ed.
260 _aMálaga :
_bCentro Cultural Generación del 27,
_c2005.
300 _aLXXXVI, [72] p. :
_bil. col. ;
_c23 cm.
700 1 _aFlores Pazos, Carlos.
_951295
700 1 _aTorres Nebrera, Gregorio.
_9110995
710 2 _aCentro Cultural Generación del 27.
_92582
852 _aES-MaACL
_jL-29260
999 _c103077
_d103077